000 01967nam0a2200325 4500
001 RU\NLR\BIBL_A\021962190
005 20230626162315.0
010 _a978-5-7422-8074-3
_950
021 _aRU
_bКН-П-23-030754
_9КН-П-23-3045
035 _a(NLR Aleph) 021962190
090 _a12324407
_c12324407
100 _a20230609d2023 k y0rusy50 ca
101 0 _arus
102 _aRU
105 _aa|||j|||000zy
181 0 _ai
_baxxe
182 0 _an
200 1 _aВирусные инфекции - от диагностики к клинике
_eVirToAll
_eсборник тезисов Всероссийской конференции молодых ученых, Санкт-Петербург, 13-14 апреля 2023 года
_fФедеральное государственное бюджетное учреждение "Научно-исследовательский институт гриппа имени А. А. Смородинцева" Министерства здравоохранения Российской Федерации
203 _aТекст
_bвизуальный
_cнепосредственный
210 _aСанкт-Петербург
_cПолитех-Пресс
_d2023
215 _a109 с.
_cил., табл.
_d30
606 1 _aВирусные болезни
_jТезисы докладов
_9904613
_3RU\NLR\AUTH\669494
686 1 _aР514.21я431(2)
711 1 2 _a"Вирусные инфекции - от диагностики к клинике", всероссийская конференция молодых ученых
_eСанкт-Петербург
_f2023
_9852497
_3RU\NLR\AUTH\880593472
712 0 2 _4570
_aНИИ гриппа им. А. А. Смородинцева
_cСанкт-Петербург
_9678435
_3RU\NLR\AUTH\880509106
942 _cBOOK
980 _aNB